Responses for Show #7875 - Friday, November 30, 2018

Contestants

[<< previous game]

Ben Goldstein, an attorney from Los Angeles, California

Elizabeth Goss, a housewife from Pleasant Ridge, Michigan

Adriana Ciccone, a data scientist from San Francisco, California (whose 2-day cash winnings total $35,601)

[next game >>]

Jeopardy! Round responses

CITIES ACROSS AMERICA
(Alex: In this category, each clue will be delivered by an on-air personality at one of our television affiliates.)
MEDICAL AKAs
WATCHING THE TV DETECTIVES
CAR / MAKER
ELECTORAL COLLEGE CUDGELINGS
I GOT NOTHING
    $200 17
Lansing

Adriana
    $200 7
ALS

Adriana
    $200 4
Toyota

Ben
    $200 16
FDR

Adriana
    $200 1
a placebo

Ben
    $400 18
Pasadena

Adriana
    $800 8
the bends

Adriana
    $400 23
Twin Peaks

Elizabeth
    $400 14
Ford

Ben
    $400 22
Dole

Ben
    $400 2
the Bermuda Triangle

Elizabeth
    $600 19
Annapolis

Ben
    $600 9
swimmer's ear

Adriana
    $600 24
(Alex: With less than a minute.)

Farrah Fawcett

Ben
    $600 6
Chevy

Adriana
    $600 26
Teddy Roosevelt

Ben
    $600 3
Times Square

Ben
    $800 20
(Adriana: What is Key West?)

South Beach

AdrianaElizabeth
    $800 10
(Ben: What is Down syndrome?)

chronic fatigue syndrome

ElizabethBen
    $800 25
(Alex: And the role is [*] on Hawaii Five-0.)

Steve McGarrett

Triple Stumper
    $800 5
Hyundai

Ben
    $800 27
(Adriana: Who is Jackson?)

John Quincy Adams

AdrianaElizabeth
    $800 12
New Mexico

Elizabeth
    $1000 21
Columbus

Adriana
    $1000 11
whooping cough

Adriana
    $1000 29
[The end-of-round signal sounds.]

(Vincent) D'Onofrio

Ben
    $1000 15
Audi

Elizabeth
    $1000 28
Horace Greeley

Ben
    $1000 13
the crown jewels

Ben

Scores at the first commercial break (after clue 15):

Adriana Elizabeth Ben
$3,200 $3,000 $2,400

Scores at the end of the Jeopardy! Round:

Adriana Elizabeth Ben
$3,400 $5,000 $6,600

Double Jeopardy! Round responses

OLD SPICE
MUSIC
BOOKS WITH ANIMAL POVs
FAMOUS PERSON FILL-INS
CHURCHES & CATHEDRALS
I GOT "U" BABE
    $400 1
the Queen of Sheba

Elizabeth
    $400 10
a rehearsal

Elizabeth
    $400 6
Napoleon

Elizabeth
    $400 14
Patrick Henry

Triple Stumper
    $400 21
Notre Dame

Adriana
    $400 22
the ukulele

Ben
    $800 2
nutmeg

Elizabeth
    $800 9
the key (or the pitch)

Elizabeth
    $800 7
rabbits

Ben
    $800 15
Kendrick Lamar

Elizabeth
    $800 27
(Elizabeth: What is Westminster?)

St. Paul's

Elizabeth
Triple Stumper
    $800 23
to usurp

Elizabeth
    $3,000 3
(Elizabeth: What is Florence?)

Venice

Elizabeth
    $1200 11
"Clair de Lune"

Ben
    $1200 8
(Ben: What is a dog?)

a cat

Ben
Triple Stumper
    $1200 16
Ridley Scott

Triple Stumper
    $3,000 24
umbilical

Elizabeth
    $1600 4
cinnamon

Triple Stumper
    $1600 19
the oboe

Elizabeth
    $1600 12
the dog

Triple Stumper
    $1600 17
Stan Lee

Triple Stumper
    $1600 29
[The end-of-round signal sounds.]
[ERRATUM: The clue's image focused on the Basilica di San Lorenzo and did not show Santa Maria del Fiore.]

il Duomo

Elizabeth
    $1600 25
(Alex: Less than a minute.)

usury

Ben
    $2000 5
cloves

Adriana
    $2000 20
vivace

Triple Stumper
    $2000 13
Robert E. Lee

Triple Stumper
    $2000 18
Franklin Pierce

Ben
    $2000 28
Church of the Holy Sepulchre

Triple Stumper
    $2000 26
ultralight

Elizabeth

Scores at the end of the Double Jeopardy! Round:

Adriana Elizabeth Ben
$5,800 $13,800 $11,400

[wagering suggestions for these scores]

Final Jeopardy! Round responses

THE OLD WEST
(Alex: [To Elizabeth] The battle at the O.K. Corral in [*].)
AdrianaWhat is ?
$3,201
BenWhat is Dodge City
$10,000
ElizabethWhat is Dodge City?
$9,001
Tombstone, Arizona

Final scores:

Adriana Elizabeth Ben
$2,599 $4,799 $1,400
2nd place: $2,000 New champion: $4,799 3rd place: $1,000

Game dynamics:

Coryat scores:

Adriana Elizabeth Ben
$5,400 $15,000 $11,400
11 R
(including 1 DD),
2 W
18 R
(including 1 DD),
2 W
(including 1 DD)
17 R,
2 W

Combined Coryat: $31,800

[game clues] [game scores] [suggest correction]

Game tape date: 2018-10-10
The J! Archive is created by fans, for fans. Scraping, republication, monetization, and malicious use prohibited; this site may use cookies and collect identifying information. See terms. The Jeopardy! game show and all elements thereof, including but not limited to copyright and trademark thereto, are the property of Jeopardy Productions, Inc. and are protected under law. This website is not affiliated with, sponsored by, or operated by Jeopardy Productions, Inc. Join the discussion at JBoard.tv.